000 01954nam0a2200337 i 4500
001 RU\NLR\BIBL_A\011272642
005 20241104122318.0
010 _a9785887360362
_9170
021 _aRU
_b2016-84067
_95493
035 _a(NLR Aleph) 011272642
090 _a10826229
_c10826229
100 _a20161115d2016 km y0rusy50 ca
101 0 _arus
102 _aRU
105 _ay|||z|||100zy
200 1 _a"В путь за непознанным..."
_eматериалы XXXIII Крашенинниковских чтений
210 _aПетропавловск-Камчатский
_cККНБ
_d2016
215 _a320, [1] с.
_d30
_e1 электр. опт. диск (CD-ROM)
300 _aВ надзаг.: М-во культуры Камч. края, Камч. краев. науч. б-ка им. С.П. Крашенинникова
320 _aБиблиогр. в конце ст.
607 _aКамчатка, полуостров (Северо-Восток Азиатской части РФ)
_jСъезды, совещания и т.п
_xОткрытие и исследования
_xИстория
_92243238
_3RU\NLR\AUTH\661345932
607 _aКамчатка, полуостров (Северо-Восток Азиатской части РФ)
_jСъезды, совещания и т.п
_xИсторико-этнографические исследования
_92185065
_3RU\NLR\AUTH\6601550071
686 1 _aД890(2Р55-4Камч)02я431
686 1 _aТ52(2Р55-4Камч)я431
686 1 _aТ3(2Р-4Камч)я431
711 1 2 _aКрашенинниковские чтения
_d33
_eПетропавловск-Камчатский
_f2016
_9538110
_3RU\NLR\AUTH\880436961
942 _cBOOK
980 _aNBR